000 00719cam7a220024100 4500
001 lcf00287585
008 770930s1976 fr a 000 0 fre
010 _a 77556699
015 _aF***
035 _a(Sirsi) r103117
035 _a(DLC) 77556699
035 _a(UPRA)lcf00287585
043 _ae-fr---
050 0 _a DC 18 Gar 1970
_b.G23
082 _a944
100 1 _aGardaire, Eliana.
_6A60650.1
245 1 3 _aLa France vous connaissez? :
_bHistoire et civilisation /
_cEliana Gardaire.
260 _aParis :
_bM. Didier,
_cc1976.
500 _aErrata slip inserted.
651 0 _aFrance.
_6S28811.1
949 _a DC 18 Gar 1970
_wlcc
_c 1
_i33729000043880
_mMAIN
_p2500
_tBOOK
_lON-SHELF
004 103117
999 _c159696
_d159696